Účtovná uzávierka a účtovná závierka vo vybranej účtovnej jednotke diplomová práca

Na minha lista:
Detalhes bibliográficos
Autor principal: Tomanová, Anna
Autor Corporativo: Národohospodárska fakulta EU. Katedra financií
Outros Autores: Staríčková, Zuzana
Formato: Livro
Idioma:eslovaco
Publicado em: Bratislava 2010
Tags: Adicionar Tag
Sem tags, seja o primeiro a adicionar uma tag!

MARC

LEADER 00000nam$a2200000$$$4500
001 0119078
005 20240318123638.0
041 0 |a slo 
044 |a SK 
245 1 0 |a Účtovná uzávierka a účtovná závierka vo vybranej účtovnej jednotke  |b diplomová práca  |c Anna Tomanová ; škol. Zuzana Staríčková 
264 1 |a Bratislava  |c 2010 
300 |a 62 s. 
100 1 |a Tomanová, Anna 
700 1 |a Staríčková, Zuzana 
710 2 |a Národohospodárska fakulta EU. Katedra financií